000
00319nam a2200109Ia 4500
008
171211s9999 xx 000 0 und d
245
_a
Professional Web Design: The Best of Smashing Magazine
245
_c
Smashing
260
_c
2011
650
_x
Web Development
856
_u
http://down.ebook777.com/017/1119992753.pdf
999
_c
350038
_d
350038